000 02232cam a22005294i 4500
003 PE-LiUPU
005 20250731165637.0
008 150616s r 000 0 d
020 _a1850754276
035 _a(Sirsi) i9781850754275
040 _aPE-LiUPU
_bspa
_cPE-LiUPU
_erda
049 _aPRUA
082 0 4 _a221.07
_bJ
_221
100 1 _aAuld, A. Graeme,
_eautor.
245 1 0 _aUnderstanding poets and prophets :
_bessays in honour of George Wishart Anderson.
_n152 /
_ceditado por A. Graeme Auld.
264 1 _aSheffield :
_bSheffield Academic Press,
_c1993.
300 _a445 páginas ;
_c21 centímetros
336 _atext
_2rdacontent
337 _aunmediated
_2rdamedia
338 _avolume
_2rdacarrier
490 0 _aJournal for the Study of the O.Testament Suppl. Series ;
_v152
505 0 _aGrundtext och urtext: om underlaget for svenska oversattningar av Gamla testamentet -- Wilhelm vischer and allegory -- Insccribing the covenant: Writing and the written in Jeremiah -- Clans, etat monarchique, et tribus -- Jeremiah 1-25 and the Deuteronomistic history -- The Old Testament in the Cchurch -- Lice or a veil in the song of songs -- The anatomy of Hebrew narrative poetry.
526 _aSEG44
526 _aSEG26
526 _aP151
526 _aP150
526 _aP149
526 _aP146
526 _aP145
526 _aP126
526 _aP125
526 _aP92
526 _aP75
526 _aP74
526 _aP27
526 _aP15
600 1 _aAnderson, George W.
_xBibliografía
630 _aBiblia.
_pA.T.
_xCrítica, interpretación, etc.
650 0 4 _a
910 _ajck
_bjvq
_cjck
942 _2ddc
_cBOOK
949 _aRC 221.07 J 152
_wDEWEY
_c1
_i40085
_lCCODEBUL1
_mBUL
_r0
_sY
_tBOOK
_u2015-6-16
_xTEOLOGIA
_zUNKNOWN
_0COMPRA
_o.CIRCNOTE. No olvidar cambiar la fecha de devolución!!!!!!!
_o.STAFF. Colección General
994 _aC0
_bPEPRU
596 _a1
999 _aRC 221.07 J 152
_wDEWEY
_c57870
_i40085
_f2021-11-8
_g6
_lCCODEBUL1
_mBUL
_r1
_sY
_tBOOK
_u2015-6-16
_xTEOLOGIA
_zUNKNOWN
_0COMPRA
_o.CIRCNOTE. No olvidar cambiar la fecha de devolución!!!!!!!
_o.STAFF. Colección General
_d57870
980 _81
_gALBERTO SANCHEZ Responsable de Automatización